Moc bezmocných

Salvato in:
Dettagli Bibliografici
Autore principale: Havel, Václav
Natura: Libro
Lingua:ceco
Pubblicazione: Praha Lidové noviny 1990
Edizione:1. vyd.
Tags: Aggiungi Tag
Nessun Tag, puoi essere il primo ad aggiungerne!!

MARC

LEADER 00000nam a2200000 4500
001 c038298
005 20221215120223.1
041 0 |a cze 
044 |a CZ 
245 1 0 |a Moc bezmocných  |c Václav Havel 
250 |a 1. vyd. 
264 1 |a Praha  |b Lidové noviny  |c 1990 
300 |a 64 s. 
100 1 |a Havel, Václav